000 00428nam a2200181Ia 4500
001 9782
005 20260306161743.0
008 260306t1951||||xx |||||||||||||| ||spa||
041 _aESP
082 _a441
_bB18 V. 1
100 _aBally, Charles
_eAUT
245 0 _aTraité de stylistique francaise
260 _c1951
300 _axx, 331 páginas :
_c19 cm.
650 _aGEN
654 _aCHU
942 _cLIB
_dJUS
_fJUS
_2ddc
_n
999 _c9782
_d9782